|
|
|
|
| LEADER |
00000cas a22000002a 4500 |
| 001 |
vtls008882674 |
| 003 |
SK-MaSNL |
| 005 |
20260228162305.0 |
| 008 |
160624d19621990xo wr n | 0 0 b0slo c |
| 035 |
|
|
|a (SVKBB03)vtls000114391
|
| 040 |
|
|
|a SVKBB
|b slo
|c SVKBB
|d SNK
|e AACR
|
| 041 |
0 |
|
|a slo
|
| 044 |
|
|
|a xo
|c SK
|
| 072 |
|
7 |
|a 33
|x Ekonómia
|2 konspekt
|
| 080 |
|
|
|a 33
|2 2001
|
| 080 |
|
|
|a (051)-027.561
|2 2001
|
| 245 |
0 |
0 |
|a Hospodárske noviny
|b ekonomický týždenník ÚV KSČ
|
| 260 |
|
|
|a Praha
|b Rudé právo
|c 1962-1990
|
| 260 |
3 |
|
|3 1990-1990
|a Praha
|b Delta
|
| 300 |
|
|
|a 29 zv.
|c 42-46 cm
|
| 310 |
|
|
|a 1x týždenne
|
| 362 |
0 |
|
|a Roč. VI, (1962)-roč. 34, č. 20 (18.5.1990)
|
| 500 |
|
|
|a Šéfredaktor: Jozef Vlček
|
| 500 |
|
|
|a Podnázov od č. 29/1968: ekonomický týždenník ÚV KSČS
|
| 500 |
|
|
|a Posledný podnázov: ekonomický týždenník
|
| 515 |
|
|
|a Vychádzal od r. 1957 v českom jazyku
|
| 650 |
0 |
7 |
|a ekonómia
|2 SNKPH
|9 788
|
| 650 |
0 |
7 |
|a Economics
|2 SNKPHeng
|9 265310
|
| 655 |
|
7 |
|a odborné časopisy
|2 SNKPH
|9 70505
|
| 655 |
|
7 |
|a Professional journals
|2 SNKPHeng
|9 265007
|
| 700 |
1 |
|
|a Vlček, Josef,
|d 1902-1971
|4 pbd
|9 10623
|
| 785 |
0 |
0 |
|t Ekonom
|x 1210-0714
|
| 866 |
|
|
|a Rok 1991 pozri: Ekonom F 1375.
|
| 910 |
|
|
|a snk
|
| 916 |
|
|
|a 1963-1990
|
| 999 |
|
|
|c 7448
|d 9378
|
| 952 |
|
|
|0 0
|1 0
|4 0
|7 0
|8 0
|a SNK
|b SNK
|d 1997-02-17
|f 1
|i snkČSP 66/71
|l 0
|o snkČSA 667/1970/2
|p 17A0038871
|r 2005-01-02 00:00:00
|t č. 27-52
|w 2026-02-21
|y PREZ
|
| 952 |
|
|
|0 0
|1 0
|4 0
|7 0
|a SNK
|b SNK
|d 1997-02-17
|l 0
|o snkČSA 667/1970/1 D1
|p 17A0038870
|r 2005-01-02 00:00:00
|w 2026-02-21
|y PREZ
|
| 952 |
|
|
|0 0
|1 0
|4 0
|7 0
|a SNK
|b SNK
|d 1997-02-17
|l 0
|o snkČSA 667/1969/2 D1
|p 17A0038869
|r 2005-01-02 00:00:00
|w 2026-02-21
|y PREZ
|
| 952 |
|
|
|0 0
|1 0
|4 0
|7 0
|a SNK
|b SNK
|d 2013-03-20
|f 1
|i snkČSP 548/65
|l 0
|o snkČSA 667/8/1964
|p 17A0778030
|r 2026-02-21 20:13:46
|t č. 1-52
|w 2026-02-21
|y PREZ
|
| 952 |
|
|
|0 0
|1 0
|4 0
|7 0
|a SNK
|b SNK
|d 2013-03-20
|f 1
|i snkČSP 165/64
|l 0
|o snkČSA 667/7/1963
|p 17A0771579
|r 2026-02-21 20:13:46
|t č. 1-52
|w 2026-02-21
|y PREZ
|
| 952 |
|
|
|0 0
|1 0
|4 0
|7 0
|a SNK
|b SNK
|d 2013-03-20
|f 1
|i snkČSP 852/70
|l 0
|o snkČSA 667/1970/1
|p 17A0778049
|r 2026-02-21 20:24:12
|t č. 1-26
|w 2026-02-21
|y PREZ
|
| 952 |
|
|
|0 0
|1 0
|4 0
|7 0
|a SNK
|b SNK
|d 2013-03-20
|f 1
|i snkČSP 577/67
|l 0
|o snkČSA 667/1965/2
|p 17A0777948
|r 2026-02-21 20:24:12
|t č. 26-52
|w 2026-02-21
|y PREZ
|
| 952 |
|
|
|0 0
|1 0
|4 0
|7 0
|a SNK
|b SNK
|d 2013-03-20
|f 1
|i snkČSP 574/67
|l 0
|o snkČSA 667/1965/1
|p 17A0778031
|r 2026-02-21 20:24:12
|t č. 1-25
|w 2026-02-21
|y PREZ
|
| 952 |
|
|
|0 0
|1 0
|4 0
|7 0
|a SNK
|b SNK
|d 2013-03-20
|f 1
|i snkČSP 88/68
|l 0
|o snkČSA 667/1967/2
|p 17A0778045
|r 2026-02-21 20:24:12
|t č. 27-52
|w 2026-02-21
|y PREZ
|
| 952 |
|
|
|0 0
|1 0
|4 0
|7 0
|a SNK
|b SNK
|d 2013-03-20
|f 1
|i snkČSP 501/69
|l 0
|o snkČSA 667/1968/2
|p 17A0778048
|r 2026-02-21 20:24:12
|t č. 27-50
|w 2026-02-21
|y PREZ
|
| 952 |
|
|
|0 0
|1 0
|4 0
|7 0
|a SNK
|b SNK
|d 2013-03-20
|f 1
|i snkČSP 500/69
|l 0
|o snkČSA 667/1968/1
|p 17A0778046
|r 2026-02-21 20:24:12
|t č. 1-26
|w 2026-02-21
|y PREZ
|
| 952 |
|
|
|0 0
|1 0
|4 0
|7 0
|a SNK
|b SNK
|d 2013-03-20
|f 1
|i snkČSP 786/72
|l 0
|o snkČSA 667/1971/2
|p 17A0778052
|r 2026-02-21 20:24:13
|t č. 27-52
|w 2026-02-21
|y PREZ
|
| 952 |
|
|
|0 0
|1 0
|4 0
|7 0
|a SNK
|b SNK
|d 2013-03-20
|f 1
|i snkČSP 580/67
|l 0
|o snkČSA 667/1966/1
|p 17A0778036
|r 2026-02-21 20:24:13
|t č. 1-25
|w 2026-02-21
|y PREZ
|
| 952 |
|
|
|0 0
|1 0
|4 0
|7 0
|a SNK
|b SNK
|d 2013-03-20
|f 1
|i snkČSP 87/68
|l 0
|o snkČSA 667/1967/1
|p 17A0778044
|r 2026-02-21 20:24:13
|t č. 1-26
|w 2026-02-21
|y PREZ
|
| 952 |
|
|
|0 0
|1 0
|4 0
|7 0
|a SNK
|b SNK
|d 2013-03-20
|f 1
|i snkČSP 144/70
|l 0
|o snkČSA 667/1969/2
|p 17A0778047
|r 2026-02-21 20:24:13
|t č. 27-52
|w 2026-02-21
|y PREZ
|
| 952 |
|
|
|0 0
|1 0
|4 0
|7 0
|a SNK
|b SNK
|d 2013-03-20
|f 1
|i snkČSP 193/70
|l 0
|o snkČSA 667/1969/1
|p 17A0778050
|r 2026-02-21 20:24:13
|t č. 1-26
|w 2026-02-21
|y PREZ
|
| 952 |
|
|
|0 0
|1 0
|4 0
|7 0
|a SNK
|b SNK
|d 2013-03-20
|f 1
|i snkČSP 1132/71
|l 0
|o snkČSA 667/1971/1
|p 17A0778051
|r 2026-02-21 20:24:13
|t č. 1-26
|w 2026-02-21
|y PREZ
|
| 952 |
|
|
|0 0
|1 0
|4 0
|7 0
|a SNK
|b SNK
|d 2013-03-20
|f 1
|i snkČSP 581/67
|l 0
|o snkČSA 667/1966/2
|p 17A0778042
|r 2026-02-21 20:24:13
|t č. 26-52
|w 2026-02-21
|y PREZ
|
| 952 |
|
|
|0 0
|1 0
|4 0
|7 0
|a SNK
|b SNK
|d 1997-12-09
|f 1
|i snkČSP 1469/91
|l 0
|o snkČSA 667/34/1990
|p 17A0114786
|r 2005-01-02 00:00:00
|t č. 1-20
|w 2026-02-21
|y PREZ
|
| 952 |
|
|
|0 0
|1 0
|4 0
|7 0
|a SNK
|b SNK
|d 2013-08-27
|f 1
|i snkČSP 1385/85
|l 0
|o snkČSA 667/29/1985/1
|p 17A0771566
|r 2026-02-21 21:14:09
|t č. 1-26
|w 2026-02-21
|y PREZ
|
| 952 |
|
|
|0 0
|1 0
|4 0
|7 0
|a SNK
|b SNK
|d 2013-08-27
|f 1
|i snkČSP 3343/86
|l 0
|o snkČSA 667/29/1985/2
|p 17A0771567
|r 2026-02-21 21:14:09
|t č. 27-52
|w 2026-02-21
|y PREZ
|
| 952 |
|
|
|0 0
|1 0
|4 0
|7 0
|a SNK
|b SNK
|d 2013-08-27
|f 1
|i snkČSP 5451/86
|l 0
|o snkČSA 667/30/1986/1
|p 17A0771568
|r 2026-02-21 21:14:09
|t č. 1-26
|w 2026-02-21
|y PREZ
|
| 952 |
|
|
|0 0
|1 0
|4 0
|7 0
|a SNK
|b SNK
|d 2013-08-27
|f 1
|i snkČSP 605/87
|l 0
|o snkČSA 667/30/1986/2
|p 17A0771569
|r 2026-02-21 21:14:09
|t č. 27-52
|w 2026-02-21
|y PREZ
|
| 952 |
|
|
|0 0
|1 0
|4 0
|7 0
|a SNK
|b SNK
|d 2013-08-27
|f 1
|i snkČSP 515/88
|l 0
|o snkČSA 667/31/1987/1
|p 17A0771570
|r 2026-02-21 21:14:10
|t č. 1-26
|w 2026-02-21
|y PREZ
|
| 952 |
|
|
|0 0
|1 0
|4 0
|7 0
|a SNK
|b SNK
|d 2013-08-27
|f 1
|i snkČSP 1259/88
|l 0
|o snkČSA 667/31/1987/2
|p 17A0771571
|r 2026-02-21 21:14:10
|t č. 27-52
|w 2026-02-21
|y PREZ
|
| 952 |
|
|
|0 0
|1 0
|4 0
|7 0
|a SNK
|b SNK
|d 2013-08-27
|f 1
|i snkČSP 495/89
|l 0
|o snkČSA 667/32/1988/1
|p 17A0771572
|r 2026-02-21 21:14:10
|t č. 1-25
|w 2026-02-21
|y PREZ
|
| 952 |
|
|
|0 0
|1 0
|4 0
|7 0
|a SNK
|b SNK
|d 2013-08-27
|f 1
|i snkČSP 497/89
|l 0
|o snkČSA 667/32/1988/2
|p 17A0771573
|r 2026-02-21 21:14:10
|t č. 26-52
|w 2026-02-21
|y PREZ
|
| 952 |
|
|
|0 0
|1 0
|4 0
|7 0
|a SNK
|b SNK
|d 2013-08-27
|f 1
|i snkČSP 939/90
|l 0
|o snkČSA 667/33/1989/2
|p 17A0771574
|r 2026-02-21 21:14:10
|t č. 27-52
|w 2026-02-21
|y PREZ
|
| 952 |
|
|
|0 0
|1 0
|4 0
|7 0
|a SNK
|b SNK
|d 2013-08-27
|f 1
|i snkČSP 1266/72
|l 0
|o snkČSA 667/1972/1
|p 17A0778053
|r 2026-02-21 21:23:53
|t č. 1-26
|w 2026-02-21
|y PREZ
|
| 952 |
|
|
|0 0
|1 0
|4 0
|7 0
|a SNK
|b SNK
|d 2013-08-27
|f 1
|i snkČSP 327/74
|l 0
|o snkČSA 667/1972/2
|p 17A0771581
|r 2026-02-21 21:23:53
|t č. 27-52
|w 2026-02-21
|y PREZ
|
| 952 |
|
|
|0 0
|1 0
|4 0
|7 0
|a SNK
|b SNK
|d 2013-08-27
|f 1
|i snkČSP 1305/73
|l 0
|o snkČSA 667/1973/1
|p 17A0771582
|r 2026-02-21 21:23:53
|t č. 1-26
|w 2026-02-21
|y PREZ
|
| 952 |
|
|
|0 0
|1 0
|4 0
|7 0
|a SNK
|b SNK
|d 2013-08-27
|f 1
|i snkČSP 389/75
|l 0
|o snkČSA 667/1974/1
|p 17A0771583
|r 2026-02-21 21:23:53
|t č. 1-26
|w 2026-02-21
|y PREZ
|
| 952 |
|
|
|0 0
|1 0
|4 0
|7 0
|a SNK
|b SNK
|d 2013-08-27
|f 1
|i snkČSP 390/75
|l 0
|o snkČSA 667/1974/2
|p 17A0771584
|r 2026-02-21 21:23:53
|t č. 27-52
|w 2026-02-21
|y PREZ
|
| 952 |
|
|
|0 0
|1 0
|4 0
|7 0
|a SNK
|b SNK
|d 2013-08-27
|f 1
|i snkČSP 568/76
|l 0
|o snkČSA 667/18/1975/1
|p 17A0771585
|r 2026-02-21 21:23:53
|t č. 1-26
|w 2026-02-21
|y PREZ
|
| 952 |
|
|
|0 0
|1 0
|4 0
|7 0
|a SNK
|b SNK
|d 2013-08-27
|f 1
|i snkČSP 569/76
|l 0
|o snkČSA 667/18/1975/2
|p 17A0771586
|r 2026-02-21 21:23:53
|t č. 27-52
|w 2026-02-21
|y PREZ
|
| 952 |
|
|
|0 0
|1 0
|4 0
|7 0
|a SNK
|b SNK
|d 2013-08-27
|f 1
|i snkČSP 179/77
|l 0
|o snkČSA 667/18[19]/1976/1
|p 17A0771587
|r 2026-02-21 21:23:53
|t č. 1-26
|w 2026-02-21
|y PREZ
|
| 952 |
|
|
|0 0
|1 0
|4 0
|7 0
|a SNK
|b SNK
|d 2013-08-27
|f 1
|i snkČSP 181/77
|l 0
|o snkČSA 667/18[19]/1976/2
|p 17A0771589
|r 2026-02-21 21:23:53
|t č. 27-52
|w 2026-02-21
|y PREZ
|
| 952 |
|
|
|0 0
|1 0
|4 0
|7 0
|a SNK
|b SNK
|d 2013-08-27
|f 1
|i snkČSP 1156/77
|l 0
|o snkČSA 667/21/1977/1
|p 17A0771591
|r 2026-02-21 21:23:53
|t č. 1-25
|w 2026-02-21
|y PREZ
|
| 952 |
|
|
|0 0
|1 0
|4 0
|7 0
|a SNK
|b SNK
|d 2013-08-27
|f 1
|i snkČSP 618/77
|l 0
|o snkČSA 667/21/1977/2
|p 17A0771592
|r 2026-02-21 21:23:54
|t č. 26-52
|w 2026-02-21
|y PREZ
|
| 952 |
|
|
|0 0
|1 0
|4 0
|7 0
|a SNK
|b SNK
|d 2013-08-27
|f 1
|l 0
|o snkČSA 667/1978/1
|p 17A0771590
|r 2026-02-21 21:23:54
|t č. 1-26
|w 2026-02-21
|y PREZ
|
| 952 |
|
|
|0 0
|1 0
|4 0
|7 0
|a SNK
|b SNK
|d 2013-08-27
|f 1
|i snkČSP 72/80
|l 0
|o snkČSA 667/23/1979/1
|p 17A0771593
|r 2026-02-21 21:23:54
|t č. 1-26
|w 2026-02-21
|y PREZ
|
| 952 |
|
|
|0 0
|1 0
|4 0
|7 0
|a SNK
|b SNK
|d 2013-08-27
|f 1
|i snkČSP 73/80
|l 0
|o snkČSA 667/23/1979/2
|p 17A0771588
|r 2026-02-21 21:23:54
|t č. 27-52
|w 2026-02-21
|y PREZ
|
| 952 |
|
|
|0 0
|1 0
|4 0
|7 0
|a SNK
|b SNK
|d 2013-08-27
|f 1
|i snkČSP /80
|l 0
|o snkČSA 667/24/1980/1
|p 17A0771610
|r 2026-02-21 21:23:54
|t č. 1-26
|w 2026-02-21
|y PREZ
|
| 952 |
|
|
|0 0
|1 0
|4 0
|7 0
|a SNK
|b SNK
|d 2013-08-27
|f 1
|i snkČSP 240/81
|l 0
|o snkČSA 667/24/1980/2
|p 17A0771594
|r 2026-02-21 21:23:54
|t č. 27-52
|w 2026-02-21
|y PREZ
|
| 952 |
|
|
|0 0
|1 0
|4 0
|7 0
|a SNK
|b SNK
|d 2013-08-27
|f 1
|i snkČSP 1370/81
|l 0
|o snkČSA 667/25/1981/1
|p 17A0771558
|r 2026-02-21 21:23:54
|t č. 1-26
|w 2026-02-21
|y PREZ
|
| 952 |
|
|
|0 0
|1 0
|4 0
|7 0
|a SNK
|b SNK
|d 2013-08-27
|f 1
|i snkČSP 469/82
|l 0
|o snkČSA 667/25/1981/2
|p 17A0771559
|r 2026-02-21 21:23:54
|t č. 27-52
|w 2026-02-21
|y PREZ
|
| 952 |
|
|
|0 0
|1 0
|4 0
|7 0
|a SNK
|b SNK
|d 2013-08-27
|f 1
|i snkČSP 1536/82
|l 0
|o snkČSA 667/26/1982/1
|p 17A0771560
|r 2026-02-21 21:23:54
|t č. 1-25
|w 2026-02-21
|y PREZ
|
| 952 |
|
|
|0 0
|1 0
|4 0
|7 0
|a SNK
|b SNK
|d 2013-08-27
|f 1
|i snkČSP 495/83
|l 0
|o snkČSA 667/26/1982/2
|p 17A0771561
|r 2026-02-21 21:23:54
|t č. 26-52
|w 2026-02-21
|y PREZ
|
| 952 |
|
|
|0 0
|1 0
|4 0
|7 0
|a SNK
|b SNK
|d 2013-08-27
|f 1
|i snkČSP 1485/83
|l 0
|o snkČSA 667/27/1983/1
|p 17A0771562
|r 2026-02-21 21:23:54
|t č. 1-25
|w 2026-02-21
|y PREZ
|
| 952 |
|
|
|0 0
|1 0
|4 0
|7 0
|a SNK
|b SNK
|d 2013-08-27
|f 1
|i snkČSP 339/84
|l 0
|o snkČSA 667/27/1983/2
|p 17A0771563
|r 2026-02-21 21:23:54
|t č. 26-52
|w 2026-02-21
|y PREZ
|
| 952 |
|
|
|0 0
|1 0
|4 0
|7 0
|a SNK
|b SNK
|d 2013-08-27
|f 1
|i snkČSP 1351/84
|l 0
|o snkČSA 667/28/1984/1
|p 17A0771564
|r 2026-02-21 21:23:54
|t č. 1-26
|w 2026-02-21
|y PREZ
|
| 952 |
|
|
|0 0
|1 0
|4 0
|7 0
|a SNK
|b SNK
|d 2013-08-27
|f 1
|i snkČSP 39/85
|l 0
|o snkČSA 667/28/1984/2
|p 17A0771565
|r 2026-02-21 21:23:54
|t č. 27-52
|w 2026-02-21
|y PREZ
|
| 952 |
|
|
|0 0
|1 0
|4 0
|7 0
|a SNK
|b SNK
|d 2015-04-13
|f 1
|i snkČSP 548/65
|l 0
|o snkČSA 667/8/1964 príl.
|p 17A0778003
|r 2026-02-21 21:25:34
|t príloha
|w 2026-02-21
|y PREZ
|
| 952 |
|
|
|0 0
|1 0
|4 0
|7 0
|a SNK
|b SNK
|d 2015-04-13
|f 1
|i snkČSP 908/70
|l 0
|o snkČSA 667/1969/1
|p 17A0771580
|r 2026-02-21 21:25:34
|t č. 1-26
|w 2026-02-21
|y PREZ
|
| 952 |
|
|
|0 0
|1 0
|4 0
|7 0
|a SNK
|b SNK
|d 1996-12-03
|f 1
|i snkČSP 937/90
|l 0
|o snkČSA 667/33/1989/1
|p 17A0025149
|r 2005-01-01 00:00:00
|t č. 1-26
|w 2026-02-21
|y PREZ
|
| 952 |
|
|
|0 0
|1 0
|4 0
|7 0
|a SNK
|b SNK
|d 1996-12-17
|l 0
|o snkČSA 667/33/1989/2 D1
|p 17A0026972
|r 2005-01-01 00:00:00
|w 2026-02-21
|y PREZ
|